000 00327nam a22001337a 4500
008 170713b xxu||||| |||| 00| 0 eng d
020 _a9781481018777
041 _aeng
080 _a101
100 _a24
101 _aFIL
245 _aDISCOURSE ON METHOD AND MEDITATIONS ON FIRST PHILOSOPHY
_cDESCARTES, R
942 _2udc
_cBK
999 _c20493
_d20493